000 00436nam a2200169Ia 4500
008 230917s9999||||xx |||||||||||||| ||und||
020 _cRS 650.00
040 _e5001159
_aMAIN
041 _aEnglish
082 _a621.3 S19B
100 _aSahdev, S K
245 0 _aBasic electrical engineering
260 _aNoida
_bPearson
_c2023
300 _axxii, 744 p.
500 _a4994 05/01/2023 HBD23/9741 27/02/2023 UIET (SFS)
942 _cBK
999 _c8374
_d8374